[Event "ch-ROU 2013"]
[Site "Baile Olanesti ROU"]
[Date "2013.02.19"]
[Round "5.44"]
[White "Ciorica,Mihai-Vlad"]
[Black "Stoicescu,H"]
[Result "1-0"]
[WhiteElo "1773"]
[BlackElo "1931"]

1.e4 e6 2.d4 c5 3.Nf3 cxd4 4.Nxd4 a6 5.Nc3 Qc7 6.f4 b5 7.a3 Bb7 8.Be2 Bc5
9.Be3 Nf6 10.Qd3 d5 11.e5 Ne4 12.Bf3 Nc6 13.Bxe4 Nxd4 14.Bxd4 dxe4 15.Nxe4 Bxe4
16.Qxe4 Bxd4 17.Qxa8+ Ke7 18.Qe4 Rd8 19.O-O-O Qc4 20.Kb1 Rd5 21.c3 f5 22.exf6+ Bxf6
23.Qxc4 bxc4 24.Rxd5 exd5 25.Rd1 Kd6 26.Kc2 h5 27.g3 Ke6 28.b3 cxb3+ 29.Kxb3 Kd6
30.h3 Kc5 31.g4 g6 32.Re1 Kd6 33.Re8  1-0

[Event "e2e4 Brighton Masters 2013"]
[Site "Brighton ENG"]
[Date "2013.02.19"]
[Round "6"]
[White "Lenier,J"]
[Black "Jackson,J"]
[Result "0-1"]
[WhiteElo "2112"]
[BlackElo "2233"]

1.e4 c5 2.Nf3 e6 3.d4 cxd4 4.Nxd4 a6 5.Nc3 Qc7 6.Bd3 Nf6 7.O-O d6 8.Be3 Be7
9.f4 Nbd7 10.Qf3 b5 11.a3 Bb7 12.Rae1 Rc8 13.Qg3 O-O 14.Nd5 Bxd5 15.exd5 Nxd5
16.f5 Nxe3 17.Qxe3 e5 18.f6 Bxf6 19.Qh3 g6 20.Nf5 d5 21.Qh6 e4 22.Re3 Rfe8
23.Rh3 Nf8 24.Be2 Qe5 25.Bg4 Rxc2  0-1

[Event "ch-ROU 2013"]
[Site "Baile Olanesti ROU"]
[Date "2013.02.20"]
[Round "6.31"]
[White "Vasile,Cl"]
[Black "Lupascu,M"]
[Result "1/2-1/2"]
[WhiteElo "2145"]
[BlackElo "2004"]

1.e4 c5 2.Nf3 e6 3.d4 cxd4 4.Nxd4 a6 5.Nc3 Qc7 6.Bd3 Nc6 7.Be3 Nf6 8.O-O Nxd4
9.Bxd4 Bc5 10.Bxc5 Qxc5 11.Qf3 d6 12.Rfe1 e5 13.Qe3 Qc6 14.a4 b6 15.a5 b5
16.Nd5 Nxd5 17.exd5 Qc7 18.f4 f6 19.fxe5 dxe5 20.Kh1 Bb7 21.Qh3 Bxd5 22.Rad1 Rd8
23.Bxb5+ Kf7 24.Bxa6 Qxa5 25.Ra1 Qc5 26.Bd3 Qd4 27.Qe3 Qxe3 28.Rxe3 Rd7 29.Kg1 g6
30.c4 Ba8 31.c5 Rd4 32.Ra7+ Ke6 33.Ra6+ Ke7 34.Ra7+ Ke6 35.Ra6+ Ke7 36.Ra7+  1/2-1/2

[Event "ch-ROU 2013"]
[Site "Baile Olanesti ROU"]
[Date "2013.02.20"]
[Round "6.16"]
[White "Malureanu,C"]
[Black "Doros,R"]
[Result "1/2-1/2"]
[WhiteElo "2098"]
[BlackElo "2309"]

1.e4 c5 2.Nf3 e6 3.d4 cxd4 4.Nxd4 a6 5.Nc3 b5 6.Bd3 Bb7 7.Be3 d6 8.f4 Nd7
9.Qf3 Ngf6 10.a3 Rc8 11.Nde2 Nc5 12.b4 Nxd3+ 13.cxd3 e5 14.O-O Be7 15.Rac1 O-O
16.Rfd1 Re8 17.fxe5 dxe5 18.d4 Qd6 19.Ng3 exd4 20.Nf5 Qe6 21.Nxd4 Bxe4 22.Qf4 Qd6
23.Nxe4 Qxf4 24.Bxf4 Nxe4 25.Rxc8 Rxc8 26.Re1 f5 27.Nxf5 Re8 28.Rxe4 Bc5+
29.bxc5 Rxe4 30.Nd6 Rxf4 31.c6 Rf8 32.c7 Ra8 33.c8=Q+ Rxc8 34.Nxc8 Kf7 35.Nd6+ Ke6
36.Ne8 a5 37.Nc7+ Kd6 38.Nxb5+ Kc5 39.Na7 Kc4 40.Kf2 Kb3 41.Ke3 Kxa3 42.Kd4 Kb3
43.Nb5 a4  1/2-1/2

[Event "ch-ROU 2013"]
[Site "Baile Olanesti ROU"]
[Date "2013.02.20"]
[Round "6.54"]
[White "Rusu,Gheorghe"]
[Black "Ciocan,Maria-Alexandra"]
[Result "0-1"]
[WhiteElo "1683"]
[BlackElo "1575"]

1.e4 c5 2.Nf3 e6 3.Nc3 a6 4.d4 cxd4 5.Nxd4 Nc6 6.Be3 Nge7 7.a3 g6 8.Bc4 Bg7
9.O-O O-O 10.Qd2 b5 11.Bb3 Bb7 12.Rad1 Na5 13.Rfe1 Qc7 14.Nf3 Rfd8 15.Bh6 Nxb3
16.cxb3 d5 17.e5 d4 18.Ne4 Bxe5 19.Nxe5 Qxe5 20.Bf4 Qf5 21.Nd6 Qd5 22.Nxb7 Qxb7
23.Be5 Nf5 24.g4 Nh4 25.Qh6 Qg2+  0-1

[Event "Moscow Gov Cup A Rapid"]
[Site "Moscow RUS"]
[Date "2013.02.20"]
[Round "11.3"]
[White "Ponkratov,P"]
[Black "Dragomarezkij,E"]
[Result "1-0"]
[WhiteElo "2584"]
[BlackElo "2363"]

1.e4 c5 2.Nf3 e6 3.d4 cxd4 4.Nxd4 a6 5.Nc3 Qc7 6.Be2 Nf6 7.O-O Be7 8.f4 d6
9.Kh1 O-O 10.Qe1 b5 11.a3 Bb7 12.Bd3 Nbd7 13.Be3 Rfe8 14.Bg1 Bf8 15.Qg3 Kh8
16.Rae1 e5 17.fxe5 dxe5 18.Nf3 Nc5 19.Qh4 Rad8 20.Bxc5 Bxc5 21.Ng5 Kg8 22.Rxf6 gxf6
23.Nxh7 Kg7 24.Rf1 Rh8 25.Qxf6+ Kg8 26.Qg5+ Kxh7 27.Nd5  1-0

[Event "ch-ROU 2013"]
[Site "Baile Olanesti ROU"]
[Date "2013.02.22"]
[Round "9.29"]
[White "Miulescu,G"]
[Black "Neagu,Mihai-Cosmin"]
[Result "0-1"]
[WhiteElo "2161"]
[BlackElo "1962"]

1.e4 c5 2.Nf3 e6 3.d4 cxd4 4.Nxd4 a6 5.Nc3 Qc7 6.Be2 Nf6 7.Bg5 Bb4 8.f3 h6
9.Be3 d5 10.O-O e5 11.exd5 exd4 12.Bxd4 Bd6 13.Ne4 Bxh2+ 14.Kh1 Nxe4 15.fxe4 Be5
16.c4 Nd7 17.b4 Bxd4 18.Qxd4 Qe5 19.Qd3 Nf6 20.Bf3 O-O 21.c5 Bg4 22.Rae1 Rfe8
23.a4 Rac8 24.Bxg4 Nxg4 25.Qh3 h5 26.d6 Rcd8 27.Qh4 g6 28.Qh3 Qb2 29.Qf3 Ne5
30.Qe3 Qxb4 31.Rb1 Qxa4 32.Rxb7 Rd7 33.Rxd7 Qxd7 34.Rc1 Ng4 35.Qd2 Qc6 36.Qd5 Ne5
37.Qxc6 Nxc6 38.Rb1 Re5 39.Rb6 Rxc5 40.Rxa6 Ne5 41.Ra8+ Kg7 42.Re8 Kf6 43.Kh2 Rc3
44.Ra8 Ng4+  0-1

[Event "ch-Central Serbia w 2013"]
[Site "Pozarevac SRB"]
[Date "2013.02.22"]
[Round "7.2"]
[White "Milosevic,Milica"]
[Black "Tomin,Ks"]
[Result "0-1"]
[WhiteElo "1643"]
[BlackElo "1963"]

1.e4 c5 2.Nf3 e6 3.d4 cxd4 4.Nxd4 a6 5.Nc3 Qc7 6.Be2 b5 7.a3 Bb7 8.f3 Nf6
9.Be3 d6 10.O-O Be7 11.Qd3 O-O 12.Rad1 Rd8 13.f4 Nbd7 14.Bf3 Nc5 15.Qe2 Ncxe4
16.Nxe4 Nxe4 17.Nb3 Rac8 18.c3 Bd5 19.Nd4 Bc4 20.Qc2 Bxf1 21.Rxf1 Nf6 22.Nc6 Re8
23.Nxe7+ Qxe7 24.Qd3 e5 25.fxe5 dxe5 26.Qc2 e4 27.Be2 Qe5 28.Bd4 Qxd4+  0-1

[Event "29th Open"]
[Site "Cappelle la Grande FRA"]
[Date "2013.02.23"]
[Round "1.47"]
[White "Decoster,F"]
[Black "Castellanos Rodriguez,R"]
[Result "0-1"]
[WhiteElo "2305"]
[BlackElo "2529"]

1.e4 c5 2.Nf3 e6 3.d4 cxd4 4.Nxd4 a6 5.Nc3 Qc7 6.Bd3 Nf6 7.f4 d6 8.Qf3 b5
9.g4 Bb7 10.g5 Nfd7 11.Be3 Nc5 12.h4 b4 13.Nce2 Nbd7 14.O-O Be7 15.Ng3 g6
16.Nb3 O-O 17.Qg4 f5 18.gxf6 Nxf6 19.Qh3 e5 20.Nxc5 dxc5 21.b3 Kh8 22.Rae1 c4
23.bxc4 Bc5 24.fxe5 Qxe5 25.Bxc5 Qxc5+ 26.Kh1 Rae8 27.h5 Bc8 28.Qh4 g5 29.Qh2 Ng4
30.Qg1 Qe5 31.Kg2 Rf4 32.Nf5 Rxf1 33.Rxf1 Bxf5 34.Rxf5 Ne3+ 35.Qxe3 Qxf5
36.exf5 Rxe3 37.h6 Kg8 38.c5 Re5 39.Kg3 Kf7 40.Bxa6 Rxc5 41.Bd3 Kf6 42.Kf3 Re5
43.Be4 Ra5 44.Ke3 Rxa2 45.Kd4 Ra3 46.Bd5 Rh3 47.Kc5 Rh4 48.Bg8 g4 49.Kd4 g3+
50.Ke3 g2  0-1

[Event "ch-ROU 2013"]
[Site "Baile Olanesti ROU"]
[Date "2013.02.24"]
[Round "11.4"]
[White "Gheorghiu,C"]
[Black "Filip,L"]
[Result "0-1"]
[WhiteElo "2029"]
[BlackElo "2464"]

1.e4 c5 2.Nf3 e6 3.d4 cxd4 4.Nxd4 a6 5.Nc3 Qc7 6.Bd3 Nf6 7.O-O d6 8.Kh1 Be7
9.f4 Nbd7 10.Qe2 O-O 11.Bd2 Nc5 12.e5 Nfd7 13.Nf3 Nxd3 14.cxd3 Nb6 15.Rac1 Qd8
16.Ne4 Nd5 17.Nc3 Nxc3 18.bxc3 Bd7 19.exd6 Bxd6 20.Ne5 Rc8 21.c4 Be8 22.d4 Ba3
23.Rcd1 Ba4 24.Rb1 Qxd4 25.Rxb7 Rb8 26.Rxb8 Rxb8 27.Qe1 Qd6 28.Bc3 Bc2 29.Qg3 f6
30.h4 Rb1 31.Rxb1 Bxb1 32.Ng4 Qd1+ 33.Kh2 Bc5 34.Ne3 Qd3 35.Bxf6 Qg6  0-1

[Event "29th Open"]
[Site "Cappelle la Grande FRA"]
[Date "2013.02.24"]
[Round "2.20"]
[White "Abergel,T"]
[Black "Papin,V"]
[Result "0-1"]
[WhiteElo "2445"]
[BlackElo "2562"]

1.e4 c5 2.Nc3 e6 3.Nf3 a6 4.d4 cxd4 5.Nxd4 Qc7 6.Bd3 g6 7.f4 d6 8.Nf3 Bg7
9.O-O Nf6 10.Qe1 Nbd7 11.Qh4 b5 12.f5 gxf5 13.exf5 e5 14.Be4 Bb7 15.Bxb7 Qxb7
16.Re1 Rc8 17.Qb4 Bf8 18.Bg5 Rc4 19.Qa5 Rg8 20.Rad1 Be7 21.Kh1 Rg4 22.Bxf6 Nxf6
23.Re2 Rxg2 24.Rxg2 Qxf3 25.Rg1 Rxg2 26.Rxg2 Ng4 27.Kg1 Bg5  0-1

[Event "TCh-CZE Div1 Vychod 2012-13"]
[Site "Czech Republic CZE"]
[Date "2013.02.24"]
[Round "8.7"]
[White "Senkyr,M"]
[Black "Skoda,M"]
[Result "1/2-1/2"]
[WhiteElo "2171"]
[BlackElo "2017"]

1.e4 c5 2.Nf3 e6 3.Nc3 a6 4.d4 cxd4 5.Nxd4 Qc7 6.Bd3 Nf6 7.O-O Be7 8.Be3 b5
9.a3 Bb7 10.Kh1 d5 11.exd5 Nxd5 12.Ne4 Nd7 13.Qh5 g6 14.Qh6 Bf8 15.Qh3 e5
16.Nb3 Bg7 17.c4 bxc4 18.Bxc4 O-O 19.Rac1 Qb8 20.Qxd7 Nxe3 21.Nf6+ Bxf6 22.fxe3 Kg7
23.Nc5 Bc8 24.Qc6 Be7 25.Nd3 Bb7 26.Qd7 Ra7 27.Qh3 Be4 28.b4 Qd8 29.Nxe5 Bf6
30.Rcd1 Qe7 31.Ng4 Bg5 32.Qg3 f5 33.Nf2 Bxe3 34.Nxe4 Qxe4 35.Bd5  1/2-1/2

[Event "TCh-CZE Div1 Zapad 2012-13"]
[Site "Czech Republic CZE"]
[Date "2013.02.24"]
[Round "8.3"]
[White "Schula,M"]
[Black "Gregor,Ji"]
[Result "1/2-1/2"]
[WhiteElo "2291"]
[BlackElo "2261"]

1.e4 c5 2.Nf3 e6 3.d4 cxd4 4.Nxd4 a6 5.Nc3 Qc7 6.g3 Nf6 7.Bg2 Be7 8.O-O d6
9.f4 Nc6 10.Nxc6 Qxc6 11.Qe2 Qc7 12.Be3 O-O 13.a4 Bd7 14.a5  1/2-1/2

[Event "29th Open"]
[Site "Cappelle la Grande FRA"]
[Date "2013.02.25"]
[Round "3.36"]
[White "Jarmula,L"]
[Black "Popilski,G"]
[Result "0-1"]
[WhiteElo "2164"]
[BlackElo "2518"]

1.e4 c5 2.Nf3 e6 3.d4 cxd4 4.Nxd4 a6 5.Nc3 Qc7 6.Be2 Nf6 7.O-O Be7 8.f4 d6
9.Be3 Nc6 10.Qe1 O-O 11.Qg3 Nxd4 12.Bxd4 b5 13.a3 Bb7 14.Bd3 Bc6 15.Rae1 Qb7
16.e5 dxe5 17.Rxe5 Rad8 18.Ne2 Qc7 19.Qh3 g6 20.Bc3 Rd5 21.Ng3 Rfd8 22.Rg5 Rxd3
23.cxd3 Rxd3 24.f5 exf5 25.Qxf5 Rd5 26.Be5 Qd8 27.Qf4 Rd2 28.Nh5 Qd5 29.Nxf6+ Bxf6
30.Qxd2 Qxd2 31.Bxf6 Qe3+ 32.Kh1 Qe2 33.Rc1 Qf2 34.Be7 Qe3 35.Rgc5 Bxg2+
36.Kxg2 Qxe7 37.R5c2 Kg7 38.Rf2 Qg5+  0-1

[Event "29th Open"]
[Site "Cappelle la Grande FRA"]
[Date "2013.02.25"]
[Round "3.41"]
[White "Kramo,S"]
[Black "Flores Rios,M"]
[Result "0-1"]
[WhiteElo "1969"]
[BlackElo "2481"]

1.e4 c5 2.Nf3 e6 3.d4 cxd4 4.Nxd4 a6 5.Nc3 b5 6.Bd3 Qb6 7.Be3 Bc5 8.Qg4 Bxd4
9.e5 Nc6 10.Qxg7 Bxe5 11.Qxh8 Qxe3+ 12.fxe3 Bxh8 13.Bxh7 Nf6 14.Bd3 Bb7 15.O-O-O Ne5
16.Rd2 Ke7 17.a3 Rg8 18.e4 Bc6 19.Re1 Rb8 20.Re3 a5 21.h3 Bg7 22.Rde2 Bh6
23.Kb1 Bxe3 24.Rxe3 d6 25.g4 b4  0-1

[Event "29th Open"]
[Site "Cappelle la Grande FRA"]
[Date "2013.02.25"]
[Round "4.152"]
[White "Klasan,V"]
[Black "Perche,Louis"]
[Result "1-0"]
[WhiteElo "2332"]
[BlackElo "1703"]

1.e4 c5 2.Nf3 e6 3.Nc3 a6 4.d4 cxd4 5.Nxd4 Qc7 6.f4 Ne7 7.Be3 g6 8.Ndb5 axb5
9.Nxb5 Qa5+ 10.b4 Qxb4+ 11.c3 Qa5 12.Qd4 Bg7 13.Qxg7 Rg8 14.Nd6+ Kd8 15.Nxf7+  1-0

[Event "33rd TCh-IND 2013"]
[Site "Hyderabad IND"]
[Date "2013.02.25"]
[Round "8.1"]
[White "Sengupta,D"]
[Black "Nitin,S"]
[Result "1-0"]
[WhiteElo "2549"]
[BlackElo "2355"]

1.e4 c5 2.Nf3 e6 3.d4 cxd4 4.Nxd4 a6 5.Nc3 b5 6.Be3 Bb7 7.f3 Nf6 8.Qd2 d6
9.O-O-O Nbd7 10.Kb1 Nb6 11.Qf2 Nfd7 12.Bd3 Rc8 13.Nce2 Nc4 14.Bxc4 bxc4 15.Nc3 Qa5
16.g4 Ba8 17.Ka1 Be7 18.h4 Rb8 19.Qd2 Rb4 20.Rb1 O-O 21.Bg5 Nf6 22.a3 Rfb8
23.Rhd1 Bd8 24.Nde2 Be7 25.Bf4 Ne8 26.g5 g6 27.h5 Bf8 28.hxg6 hxg6 29.Na2 R4b5
30.Nec3 R5b7 31.Rh1 Bg7 32.Be3 Rd7 33.Rh2 d5 34.exd5 Bxd5 35.Bf4 e5 36.Be3 Be6
37.Qe1 e4 38.Bf4 Rbd8 39.fxe4 Rd4 40.Nb4 Rc8 41.Qe3 Nd6 42.Rbh1 Nb5 43.Rh7 Rcd8
44.Rxg7+ Kxg7 45.Be5+ Kf8 46.Rh8+  1-0

[Event "Zagreb Open A 2013"]
[Site "Zagreb CRO"]
[Date "2013.02.25"]
[Round "1.6"]
[White "Zelcic,R"]
[Black "Bozicevic,D"]
[Result "1-0"]
[WhiteElo "2543"]
[BlackElo "2014"]

1.e4 c5 2.Nf3 e6 3.d4 cxd4 4.Nxd4 a6 5.Nc3 b5 6.Bd3 Bb7 7.O-O Nc6 8.Nxc6 Bxc6
9.Qe2 d6 10.a4 b4 11.Nd5 a5 12.Bb5 Rc8 13.Qc4 Bd7 14.Bxd7+ Qxd7 15.Qa6 exd5
16.exd5 Be7 17.Qxa5 Nf6 18.Qxb4 Nxd5 19.Qd4 Nf6 20.b4 Rxc2 21.b5 O-O 22.Qd3 Rfc8
23.Be3 d5 24.a5 R8c3 25.Qd1 Qxb5 26.a6 Ne8 27.a7 Nc7 28.Bd4 Rc4 29.a8=Q+ Nxa8
30.Rxa8+ Rc8 31.Rxc8+ Rxc8 32.Qg4  1-0

[Event "29th Open"]
[Site "Cappelle la Grande FRA"]
[Date "2013.02.27"]
[Round "6.128"]
[White "Warnault,P"]
[Black "Vrublevskaya,O"]
[Result "0-1"]
[WhiteElo "1793"]
[BlackElo "2132"]

1.e4 c5 2.Nf3 e6 3.d4 cxd4 4.Nxd4 a6 5.Nc3 b5 6.Bd3 Bb7 7.O-O Qc7 8.Qe2 Nc6
9.Be3 Nf6 10.a3 Ne5 11.h3 Rc8 12.Rac1 Nc4 13.Ndxb5 axb5 14.Nxb5 Qe5 15.Bxc4 Qxe4
16.f3 Qxc4 17.Qxc4 Rxc4 18.b3 Rc8 19.Rfd1 d5 20.Bb6 Bc5+ 21.Bxc5 Rxc5 22.Nd6+ Ke7
23.Nxb7 Rb5 24.b4 Rxb7 25.c4 dxc4 26.Rxc4 Nd5 27.Rdc1 Ra8  0-1

[Event "29th Open"]
[Site "Cappelle la Grande FRA"]
[Date "2013.03.01"]
[Round "8.50"]
[White "Bacon,N"]
[Black "Monroy,C"]
[Result "0-1"]
[WhiteElo "2201"]
[BlackElo "2443"]

1.e4 c5 2.Nf3 e6 3.d4 cxd4 4.Nxd4 a6 5.Nc3 Qc7 6.Be2 b5 7.Be3 Bb7 8.Bf3 Nc6
9.Nxc6 dxc6 10.O-O Nf6 11.a4 Bd6 12.axb5 cxb5 13.h3 O-O 14.Qe2 Be5 15.Bd2 Nd7
16.Rfc1 Nb6 17.Nd1 Nc4 18.Bb4 Rfd8 19.Ra2 a5 20.Bc3 Bf4 21.Rca1 b4 22.e5 Rac8
23.Bxb7 Qxb7 24.g3 Bd2 25.Bxd2 Rxd2 26.Qe1 Rcd8  0-1

[Event "TCh-HUN 2012-13"]
[Site "Decs HUN"]
[Date "2013.03.03"]
[Round "8"]
[White "Kerek,K"]
[Black "Amstadt,A"]
[Result "1-0"]
[WhiteElo "2291"]
[BlackElo "2271"]

1.e4 c5 2.Nf3 e6 3.d4 cxd4 4.Nxd4 a6 5.Nc3 Qc7 6.Bd3 Nf6 7.f4 d6 8.Be3 b5
9.Qf3 Bb7 10.O-O-O Nbd7 11.g4 Nc5 12.a3 d5 13.e5 Nxd3+ 14.Rxd3 Ne4 15.f5 Qxe5
16.fxe6 fxe6 17.Rf1 Be7 18.Qf7+ Kd7 19.Nxe4 Qxe4 20.Nb3  1-0

[Event "TCh-HUN 2012-13"]
[Site "Mako HUN"]
[Date "2013.03.03"]
[Round "8"]
[White "Tatar Kis,S"]
[Black "Balla,Ta"]
[Result "1/2-1/2"]
[WhiteElo "2370"]
[BlackElo "2381"]

1.e4 c5 2.Nf3 e6 3.d4 cxd4 4.Nxd4 a6 5.Nc3 Qc7 6.Bd3 Nf6 7.O-O Be7 8.Kh1 d6
9.f4 b5 10.e5 Nfd7 11.exd6 Qxd6 12.Qf3 Ra7 13.Be3 Bb7 14.Qg3 Ra8 15.Rad1 Qc7
16.Qxg7 Bf6 17.Qh6 Nc6 18.Be2  1/2-1/2

[Event "Zagreb Open A 2013"]
[Site "Zagreb CRO"]
[Date "2013.03.04"]
[Round "9.19"]
[White "Jelecevic,I"]
[Black "Sertic,Ru"]
[Result "0-1"]
[WhiteElo "2165"]
[BlackElo "2356"]

1.e4 c5 2.Nf3 e6 3.d4 cxd4 4.Nxd4 a6 5.Nc3 Qc7 6.Qf3 Nc6 7.Nxc6 bxc6 8.Bd3 Nf6
9.O-O Be7 10.Bd2 O-O 11.Rae1 e5 12.g4 d6 13.g5 Nd7 14.Qh5 Nc5 15.f4 Nxd3
16.cxd3 Qb6+ 17.Be3 Qxb2 18.Nd1 Qb4 19.f5 g6 20.Qf3 Kh8 21.Nf2 gxf5 22.exf5 Rg8
23.f6 Bf8 24.Qxc6 Bb7 25.Qd7 Bd5 26.Qf5 Qh4 27.Ne4 Be6 28.Qf2 Qh3 29.Qf3 d5
30.Ng3 Rc8 31.Bc1 Rc2 32.Rf2 Bc5 33.Be3 Bxe3 34.Qxe3 Rxf2 35.Qxf2 Rxg5 36.Rb1 h5
37.Qe3 Qg4 38.Qc5 h4 39.Qf8+ Kh7 40.Rb8 hxg3 41.Qh8+ Kg6  0-1

[Event "29th ChessOrg Open"]
[Site "Bad Woerishofen GER"]
[Date "2013.03.05"]
[Round "5.7"]
[White "Colovic,A"]
[Black "Friedrich,N"]
[Result "1-0"]
[WhiteElo "2484"]
[BlackElo "2321"]

1.e4 c5 2.Nf3 e6 3.d4 cxd4 4.Nxd4 a6 5.Nc3 Qc7 6.Bd3 Nc6 7.Nxc6 dxc6 8.f4 e5
9.f5 Nf6 10.Be3 b5 11.Qf3 h5 12.O-O Ng4 13.Bd2 Bb7 14.Kh1 Be7 15.a4 Rd8 16.axb5 axb5
17.Nd1 Bc5 18.Ne3 Nf6 19.Qg3 O-O 20.Nd1 Rfe8 21.b4 Bf8 22.Bg5 Be7 23.Nf2 Rd4
24.c3 Rd7 25.Be2 Qb6 26.Rab1 Qc7 27.Qh4 Red8 28.Bxh5 c5 29.Ng4 Nxe4 30.Bxe7 Rxe7
31.f6 gxf6 32.Nh6+ Kf8 33.Nf5 Ng5 34.Bg4 Kg8 35.Qh6 Ne6 36.Qxf6  1-0

[Event "29th ChessOrg Open"]
[Site "Bad Woerishofen GER"]
[Date "2013.03.07"]
[Round "7.10"]
[White "Zude,A"]
[Black "Friedrich,N"]
[Result "1/2-1/2"]
[WhiteElo "2461"]
[BlackElo "2321"]

1.e4 c5 2.Nf3 e6 3.d4 cxd4 4.Nxd4 a6 5.Nc3 Qc7 6.Be2 Nf6 7.O-O Nc6 8.a3 Be7
9.Be3 O-O 10.f4 d6 11.Kh1 Re8 12.Qe1 Nxd4 13.Bxd4 e5 14.Be3 exf4 15.Bxf4 Be6
16.Qg3 Red8 17.Rad1 Ne8 18.Bg5 Bxg5 19.Qxg5 h6 20.Qg3 Qc5 21.Bg4 Qe5 22.Bxe6 fxe6
23.Rd3 Qxg3 24.Rxg3 Rd7 25.Rd1 Rf7 26.Kg1 Rc8 27.Rgd3  1/2-1/2

[Event "TCh-CAT Div Hon 2013"]
[Site "Catalonia ESP"]
[Date "2013.03.09"]
[Round "8.1"]
[White "Cuartas,Ja"]
[Black "Kogan,Ar"]
[Result "1/2-1/2"]
[WhiteElo "2504"]
[BlackElo "2571"]

1.e4 c5 2.Nf3 e6 3.d4 cxd4 4.Nxd4 a6 5.Nc3 Qc7 6.f4 b5 7.Bd3 Bb7 8.Qe2 b4
9.Nd1 Nf6 10.Bd2 Nc6 11.Nxc6 Qxc6 12.Nf2 Bc5 13.Be3 O-O 14.g4 Bxe3 15.Qxe3 d5
16.e5 Ne4 17.g5 Rfc8 18.Rg1 Qc5 19.Qxc5 Nxc5 20.Be2 Rc7 21.Rg3 Rac8 22.a3 a5
23.axb4 axb4 24.Ra5 Ra8  1/2-1/2

[Event "TCh-NED Meesterklasse 2012-13"]
[Site "Netherland NED"]
[Date "2013.03.09"]
[Round "7.7"]
[White "Bosch,Je"]
[Black "Martens,M"]
[Result "1/2-1/2"]
[WhiteElo "2378"]
[BlackElo "2431"]

1.e4 c5 2.Nc3 e6 3.Nge2 a6 4.d4 cxd4 5.Nxd4 b5 6.Bd3 d6 7.O-O Nf6 8.Re1 Nbd7
9.a4 bxa4 10.Nxa4 Bb7 11.f3 Be7 12.Bf1 O-O 13.c4 Qc7 14.Bd2 Ne5 15.Be3 Rab8
16.b3  1/2-1/2

[Event "UTD Turner GM Invitational 2013"]
[Site "Richardson USA"]
[Date "2013.03.09"]
[Round "1"]
[White "Chiang,J"]
[Black "Bercys,S"]
[Result "0-1"]
[WhiteElo "2065"]
[BlackElo "2427"]

1.e4 c5 2.Nf3 e6 3.d4 cxd4 4.Nxd4 a6 5.Nc3 Qc7 6.Bd3 Nc6 7.Nb3 Nf6 8.O-O Be7
9.a4 b6 10.f4 d6 11.Qe2 Bb7 12.Bd2 O-O 13.Rae1 Nd7 14.Rf3 Nc5 15.Rh3 g6 16.Nxc5 dxc5
17.Kh1 Nb4 18.e5 Nxd3 19.cxd3 Rfd8 20.Ne4 Bxe4 21.dxe4 Qd7 22.Bc3 b5 23.Ba5 Rdb8
24.Rd1 Qc6 25.f5 b4 26.Qe3 Bf8 27.Rf1 Rb7 28.Qf4 Qxa4 29.Qh4 h6 30.Bd8 Rd7
31.fxe6 Rdxd8 32.e7 Rd1 33.exf8=Q+ Rxf8 34.Rf3 Rxf1+ 35.Rxf1 Qe8 36.Qg3 Qc6
37.Qg4 Qe6 38.Qf4 h5 39.Rd1 Re8 40.Rd5 c4 41.Qd2 Rb8 42.h3 c3 43.bxc3 b3
44.Rd8+ Rxd8 45.Qxd8+ Kh7 46.Qb8 a5 47.Qb5 a4 48.c4 Qe7 49.e6 fxe6 50.c5 b2
51.Qxb2 Qxc5 52.Qf6 e5 53.Qf7+ Kh6 54.Qe8 Qc1+ 55.Kh2 Qf4+ 56.Kg1 Qxe4 57.Qe7 Qe3+
58.Kh1 Qc1+ 59.Kh2 Qf4+ 60.Kh1 h4 61.Qe8 Qd4 62.Qf8+ Kh5 63.Qf7 Kh6 64.Qf8+ Kh5
65.Qf7 Qd6 66.Qf3+ Kh6 67.Qf2 Qe7  0-1

[Event "Karpos Open 2013"]
[Site "Skopje MKD"]
[Date "2013.03.09"]
[Round "1.64"]
[White "Golubovic,Tomislav"]
[Black "Haznedaroglu,K"]
[Result "0-1"]
[WhiteElo "1876"]
[BlackElo "2428"]

1.e4 c5 2.Nf3 e6 3.Nc3 a6 4.d4 cxd4 5.Nxd4 Qc7 6.Bd3 Nf6 7.Bg5 Be7 8.h3 d6
9.O-O Nbd7 10.Nb3 b5 11.Qd2 Bb7 12.Rfe1 O-O 13.Rad1 Rfe8 14.f3 b4 15.Ne2 d5
16.exd5 Nxd5 17.Bxe7 Rxe7 18.Qg5 Qb6+ 19.Kh2 h6 20.Qh4 Ree8 21.Ned4 Rad8
22.Re2 N7f6 23.Rde1 Qd6+ 24.Kg1 Nf4 25.Rd2 Nxd3 26.Rxd3 Qc7 27.Qf2 Rd5 28.Rde3 a5
29.c3 a4 30.Nc1 Red8 31.Nce2 a3 32.bxa3 bxa3 33.Nb3 Rd1 34.Ned4 Rxe1+ 35.Qxe1 Nd5
36.Re2 Ba6 37.Rxe6 fxe6 38.Qxe6+ Kh8 39.Qxa6 Qg3 40.Nf5 Qe1+ 41.Qf1 Qxf1+
42.Kxf1 Nxc3  0-1

[Event "Karpos Open 2013"]
[Site "Skopje MKD"]
[Date "2013.03.10"]
[Round "3.66"]
[White "Milanovic,Ma"]
[Black "Goksel,D"]
[Result "1/2-1/2"]
[WhiteElo "1952"]
[BlackElo "2260"]

1.e4 c5 2.Nf3 e6 3.d4 cxd4 4.Nxd4 a6 5.Nc3 Qc7 6.Be2 Nf6 7.O-O d6 8.Be3 Be7
9.f4 O-O 10.Qe1 b5 11.a3 Bb7 12.Bf3 Nbd7 13.Rd1 Rac8 14.Kh1 Rfe8 15.Bf2 Ba8
16.Bg3 Nb6 17.e5 dxe5 18.fxe5 Nfd5 19.Nxd5 Bxd5 20.Be4 g6 21.Bxd5 Nxd5  1/2-1/2

[Event "TCh-LTU 2013"]
[Site "Vilnius LTU"]
[Date "2013.03.10"]
[Round "6.2"]
[White "Kovalev,An"]
[Black "Svitojus,Z"]
[Result "1-0"]
[WhiteElo "2465"]
[BlackElo "2031"]

1.e4 c5 2.Nf3 e6 3.d4 cxd4 4.Nxd4 a6 5.Nc3 Qc7 6.Bd3 Nf6 7.O-O d6 8.f4 Nc6
9.Be3 Be7 10.Qf3 O-O 11.Kh1 Bd7 12.Rae1 Rac8 13.Nxc6 Bxc6 14.Qh3 e5 15.fxe5 dxe5
16.Bg5 Qd6 17.Rd1 Qe6 18.Qf3 h6 19.Bxf6 Bxf6 20.Nd5 Bg5 21.Bc4 Bxd5 22.Bxd5 Qe7
23.Qb3 Rc7 24.Rf3 Bf6 25.Rdf1 Rd8 26.c4 Rdd7 27.Qe3 Kh7 28.a3 Qc5 29.Qe1 b5
30.b4 Qd4 31.c5 Rxd5 32.exd5 Qxd5 33.Qb1+ Kg8 34.Rd3 Qc4 35.Rd6 e4 36.Rc1 Bc3
37.Qc2 Be5 38.Qd1 Qa2 39.Rd8+ Kh7 40.Qg4 Qxa3 41.Qxe4+ g6 42.Rf1 Qc3 43.Re8 Bg7
44.Ra8 Rd7 45.Qe8  1-0

[Event "Karpos Open 2013"]
[Site "Skopje MKD"]
[Date "2013.03.11"]
[Round "4.64"]
[White "Dizdarevic,B"]
[Black "Zozulia,A"]
[Result "1/2-1/2"]
[WhiteElo "1981"]
[BlackElo "2336"]

1.e4 c5 2.Nf3 e6 3.d4 cxd4 4.Nxd4 a6 5.Nc3 b5 6.Be3 Bb7 7.f3 Nc6 8.Be2 Qc7
9.O-O Nf6 10.Kh1 Be7 11.Qe1 O-O 12.Rd1 Rac8 13.Nxc6 Bxc6 14.Bd3 d5 15.exd5 Nxd5
16.Nxd5 Bxd5 17.Bd4 Qf4 18.Be5 Qg5 19.Bg3 Qh5 20.f4 Bd6 21.f5 Qh3 22.Rd2 Bxg3
23.Qxg3 Qxg3 24.hxg3 Bb7 25.g4 e5 26.Re1 f6 27.g5 Rfd8 28.Red1 Rd4 29.gxf6 gxf6
30.c3 Rg4 31.Bxb5 axb5 32.Rd8+ Kg7 33.R8d7+ Kh6 34.Rxb7 Rcg8 35.Rd6 Kg5 36.Rxh7 Kxf5
37.Rh5+ Ke4 38.Rh2 f5 39.Kg1 f4 40.Kf1 Rg3 41.Kf2 Rd3 42.Rxd3 Kxd3 43.Rh6 e4
44.Rd6+ Kc2 45.Rd4 Re8 46.Rb4 Kd2 47.Rd4+ Kc2 48.Rb4 Kd2 49.Rd4+ Kc2  1/2-1/2

[Event "Karpos Open 2013"]
[Site "Skopje MKD"]
[Date "2013.03.12"]
[Round "5.14"]
[White "Perunovic,Mil"]
[Black "Tosic,M"]
[Result "1-0"]
[WhiteElo "2618"]
[BlackElo "2408"]

1.e4 c5 2.Nf3 e6 3.d4 cxd4 4.Nxd4 a6 5.Nc3 b5 6.Bd3 Qb6 7.Nf3 Nc6 8.O-O Nge7
9.a4 b4 10.a5 Qc7 11.Na4 Nxa5 12.Be3 Rb8 13.Nc5 Ng6 14.Nxa6 Bxa6 15.Bxa6 Bc5
16.Nd4 Qb6 17.Be2 Ra8 18.c3 O-O 19.cxb4 Bxb4 20.Nc2 Qb7 21.Nxb4 Qxb4 22.Bd2 Qb6
23.Bc3 Rfd8 24.b4 Nc6 25.b5 Nce7 26.Qd4 Qxd4 27.Bxd4 Nf4 28.Bf3 d6 29.Rxa8 Rxa8
30.b6 e5 31.Be3 Ne6 32.Rd1 Rb8 33.Rxd6 Nc8 34.Rc6 Nd4 35.Rc5 Nxb6 36.Rxe5 Ne6
37.Rb5 Ra8 38.Be2 Ra1+ 39.Bf1 Nd7 40.g3 h6 41.Kg2 Nf6 42.Bd3 Ng4 43.Bb6 Nf6
44.h3 Ra3 45.Bc2 Rc3 46.Bb1 Rc4 47.Be3 g5 48.f3 Nd7 49.h4 Rc3 50.Kf2 Ndc5
51.Ke2 Nb3 52.Rd5 Kg7 53.f4 gxf4 54.gxf4 Rc6 55.Kf3 Rc3 56.f5 Ned4+ 57.Kf2 Nc6
58.e5 f6 59.Rd7+ Kh8 60.exf6 Ne5 61.Rd8+  1-0

[Event "Karpos Open 2013"]
[Site "Skopje MKD"]
[Date "2013.03.12"]
[Round "5.41"]
[White "Kadric,D"]
[Black "Goksel,D"]
[Result "1-0"]
[WhiteElo "2473"]
[BlackElo "2260"]

1.e4 c5 2.Nf3 e6 3.d4 cxd4 4.Nxd4 a6 5.Nc3 Qc7 6.Bd3 Nf6 7.O-O d6 8.f4 Nbd7
9.Kh1 Be7 10.Qe2 O-O 11.Bd2 b5 12.b4 Bb7 13.a4 bxa4 14.Rxa4 Nb6 15.Raa1 d5
16.e5 Ne4 17.Nxe4 dxe4 18.Bxe4 g6 19.Bxb7 Qxb7 20.c4 Rfd8 21.Nb3 Qc6 22.Rfc1 Rdb8
23.Ra5 h5 24.c5 Nd5 25.Qc4 Bd8 26.Nd4 Qc8 27.Ra3 Qb7 28.c6 Qb6 29.f5 gxf5
30.Rg3+  1-0

[Event "Karpos Open 2013"]
[Site "Skopje MKD"]
[Date "2013.03.12"]
[Round "5.67"]
[White "Minovski,Gjorgji"]
[Black "Ashiku,F"]
[Result "0-1"]
[WhiteElo "1924"]
[BlackElo "2202"]

1.e4 c5 2.Nf3 e6 3.Nc3 a6 4.d4 cxd4 5.Nxd4 Qc7 6.g3 Bb4 7.Bd2 Nc6 8.Nxc6 bxc6
9.Qg4 Qe5 10.Bg2 d5 11.Qe2 Ne7 12.O-O O-O 13.Bf4 Qf6 14.exd5 cxd5 15.Be5 Qf5
16.g4 Qg6 17.h4 a5 18.Rac1 Nc6 19.h5 Qg5 20.Bg3 Ba6 21.Qd1 Ne5 22.Bf3 Rfc8
23.Bxe5 Qxe5 24.Na4 Bd6  0-1